[Event "DVM U10 2013"]
[Site "Magdeburg GER"]
[Date "2013.12.28"]
[Round "5"]
[White "Buchloh, Adrian"]
[Black "Stirnberg, Noah"]
[Result "0-1"]
[Termination "normal"]
[Board "1.1"]
[WhiteElo "1464"]
[BlackElo "1355"]
[WhiteTeam "Hagener SV"]
[BlackTeam "SK Blauer Springer Paderborn 1"]
[WhiteFideId "12960675"]
[BlackFideId "16207742"]
[EventCountry "GER"]
[EventRounds "6"]
[EventType "team-swiss"]
[EventDate "2013.12.27"]

1. e4 c5 2. Nf3 d6 3. d4 cxd4 4. Nxd4 Nf6 5. Nc3 a6 6. Bg5 e6 7. Qd2 Be7 8. f3
b5 9. O-O-O Bb7 10. g4 h6 11. Be3 Nbd7 12. Bd3 Nc5 13. h4 Nxd3+ 14. Qxd3 Nd7
15. h5 Ne5 16. Qe2 Nc4 17. Bf2 Rc8 18. Nb3 Bg5+ 19. Kb1 Bc6 20. Qe1 a5 21. Bh4
b4 22. Bxg5 Qxg5 23. Ne2 Qf6 24. Ned4 a4 25. Nc1 Rb8 26. Qg1 O-O 27. Nd3 Ba8
28. Rh3 Rfd8 29. Re1 Kf8 30. Rh2 Kg8 31. Qf2 a3 32. b3 Ne5 33. Rh3 Nxd3 34.
cxd3 Qf4 35. Qe3 Qxe3 36. Rxe3 Rdc8 37. Rh1 Rc3 38. Rd1 Rbc8 39. Re2 Kf8 40.
Nb5 R3c5 41. Nxd6 Rd8 42. Nc4 Bc6 43. d4 Rb5 44. Rc2 Bb7 45. Rd3 f5 46. exf5
exf5 47. gxf5 Rxf5 48. Rf2 Rxh5 49. Na5 Bd5 50. Nc4 Rf5 51. Nb6 Be4 0-1

[Event "DVM U10 2013"]
[Site "Magdeburg GER"]
[Date "2013.12.28"]
[Round "5"]
[White "Brockhoff, Moritz"]
[Black "Brunner, Sophia"]
[Result "1-0"]
[Termination "normal"]
[Board "1.2"]
[WhiteElo "1258"]
[BlackElo "1329"]
[WhiteTeam "SK Blauer Springer Paderborn 1"]
[BlackTeam "Hagener SV"]
[WhiteFideId "16214927"]
[BlackFideId "12960683"]
[EventCountry "GER"]
[EventRounds "6"]
[EventType "team-swiss"]
[EventDate "2013.12.27"]

1. d4 d5 2. Bf4 Nf6 3. Nf3 c6 4. e3 Bg4 5. h3 Bxf3 6. Qxf3 e6 7. Bd3 Be7 8. Nd2
O-O 9. O-O Nbd7 10. e4 dxe4 11. Nxe4 h6 12. c4 Nxe4 13. Qxe4 Nf6 14. Qe3 Bd6
15. Rfe1 Bxf4 16. Qxf4 c5 17. Rad1 cxd4 18. Bc2 Qb8 19. Qxd4 Rd8 20. Qe3 a6 21.
Rd3 Rxd3 22. Qxd3 Qd8 23. Rd1 Qxd3 24. Rxd3 Kf8 25. f3 Ke7 26. Kf2 Rd8 27. Rxd8
Kxd8 28. Ke3 Kd7 29. Kd4 Kd6 30. f4 b6 31. b4 Nh5 32. f5 e5+ 33. Ke4 Nf6+ 34.
Ke3 Nd7 35. Be4 f6 36. Bd5 a5 37. a3 axb4 38. axb4 Nb8 39. b5 Kc5 40. Kf3 Kb4
41. Kg4 e4 42. Bxe4 Kxc4 43. Kh5 Kxb5 44. Kg6 Kc5 45. Kxg7 Nd7 46. Kxh6 b5 47.
Kg7 b4 48. h4 b3 49. h5 b2 50. h6 Kd4 51. Bb1 Kc3 52. h7 Kd2 53. h8=Q Kc1 54.
Qh1+ 1-0

[Event "DVM U10 2013"]
[Site "Magdeburg GER"]
[Date "2013.12.28"]
[Round "5"]
[White "Scheidt, Mike Niklas"]
[Black "Siol, Mats Lennart"]
[Result "1-0"]
[Termination "normal"]
[Board "1.3"]
[WhiteElo "935"]
[BlackElo "966"]
[WhiteTeam "Hagener SV"]
[BlackTeam "SK Blauer Springer Paderborn 1"]
[WhiteFideId "12965235"]
[BlackFideId "16229240"]
[EventCountry "GER"]
[EventRounds "6"]
[EventType "team-swiss"]
[EventDate "2013.12.27"]

1. d4 d5 2. c4 Nf6 3. cxd5 Qxd5 4. Nc3 Qd8 5. e4 Nc6 6. Nf3 Bg4 7. d5 Nb4 8.
Be2 e6 9. a3 Na6 10. Bg5 Bc5 11. e5 Be7 12. exf6 Bxf6 13. Bxf6 Qxf6 14. O-O O-O
15. dxe6 Rad8 16. exf7+ Qxf7 17. Qa4 Kh8 18. h3 Bxf3 19. Bxf3 Qg6 20. Bxb7 Nc5
21. Qxa7 Nd3 22. Be4 Nf4 23. Bxg6 1-0

[Event "DVM U10 2013"]
[Site "Magdeburg GER"]
[Date "2013.12.28"]
[Round "5"]
[White "Prieb, Robert"]
[Black "Lindemann, Jarno"]
[Result "0-1"]
[Termination "normal"]
[Board "1.4"]
[WhiteElo "898"]
[BlackElo "940"]
[WhiteTeam "SK Blauer Springer Paderborn 1"]
[BlackTeam "Hagener SV"]
[WhiteFideId "16212002"]
[BlackFideId "12977934"]
[EventCountry "GER"]
[EventRounds "6"]
[EventType "team-swiss"]
[EventDate "2013.12.27"]

1. d4 d5 2. Nf3 Nc6 3. Bf4 Bf5 4. c3 Nf6 5. e3 e6 6. Bd3 Bg4 7. Nbd2 Bd6 8. Bg3
Qe7 9. Qc2 O-O-O 10. O-O-O Rhe8 11. Bxh7 g6 12. Bxd6 Rxd6 13. Ng5 Rh8 14. Bxg6
fxg6 15. Qxg6 Bxd1 16. Nf7 Rg8 17. Nxd6+ cxd6 18. Qd3 Bh5 19. g3 Bg6 20. Qe2
Ne4 21. Nf3 Rf8 22. Nh4 Rxf2 23. Qg4 Bf5 24. Nxf5 Rxf5 25. Qg8+ Rf8 26. Qg4 Nf2
27. Qe2 Nxh1 28. Qg2 Nf2 29. Kd2 Qh7 30. Ke1 Qb1+ 31. Ke2 Qc2+ 32. Ke1 Qd1# 0-1

[Event "DVM U10 2013"]
[Site "Magdeburg GER"]
[Date "2013.12.28"]
[Round "5"]
[White "Lutz, Ruben"]
[Black "Bosselmann, Tom Linus"]
[Result "1/2-1/2"]
[Termination "normal"]
[Board "2.1"]
[WhiteElo "1356"]
[BlackElo "1353"]
[WhiteTeam "USV TU Dresden"]
[BlackTeam "Lübecker SV"]
[WhiteFideId "12975974"]
[BlackFideId "12983845"]
[EventCountry "GER"]
[EventRounds "6"]
[EventType "team-swiss"]
[EventDate "2013.12.27"]

1. d4 d5 2. c4 c6 3. cxd5 cxd5 4. Nc3 Nf6 5. Bf4 g6 6. e3 Nc6 7. Bd3 e6 8. a3
Bd6 9. Bxd6 Qxd6 10. f4 Bd7 11. Nf3 Ng4 12. Qd2 Rc8 13. O-O Na5 14. Rae1 O-O
15. Ne5 Nf6 16. Rf3 Nc6 17. Rh3 h6 18. Qf2 h5 19. Qh4 Qe7 20. g4 Nxg4 1/2-1/2

[Event "DVM U10 2013"]
[Site "Magdeburg GER"]
[Date "2013.12.28"]
[Round "5"]
[White "Glinzner, Alva"]
[Black "Schubert, Christoph"]
[Result "1-0"]
[Termination "normal"]
[Board "2.2"]
[WhiteElo "1070"]
[BlackElo "1108"]
[WhiteTeam "Lübecker SV"]
[BlackTeam "USV TU Dresden"]
[WhiteFideId "16206169"]
[EventCountry "GER"]
[EventRounds "6"]
[EventType "team-swiss"]
[EventDate "2013.12.27"]

1. e4 c5 2. Nf3 d6 3. Bc4 Nc6 4. c3 Nf6 5. d3 e6 6. Bb3 d5 7. e5 Nd7 8. d4 c4
9. Bc2 Nb6 10. Bf4 Be7 11. Qe2 O-O 12. O-O Bd7 13. Qe3 f6 14. exf6 Bxf6 15. Bg5
h6 16. Bxf6 Qxf6 17. Ne5 Rae8 18. Re1 Bc8 19. Nxc6 bxc6 20. b3 Rf7 21. bxc4
Nxc4 22. Qe2 Ref8 23. f3 Qe7 24. Nd2 Nb6 25. Qd3 Rf6 26. c4 c5 27. cxd5 Nxd5
28. Bb3 Nf4 29. Qc4 cxd4 30. Qxd4 Ba6 31. Qa4 Qc5+ 32. Kh1 Qd6 33. Ne4 Qb6 34.
Nxf6+ Rxf6 35. Bc4 Bxc4 36. Qxc4 Qb2 37. Rg1 Kh8 38. Qe4 Qd2 39. Rac1 Rg6 40.
Rcd1 Qxa2 41. g3 Nh3 42. Qxg6 Nf2+ 43. Kg2 Nxd1+ 44. Kh3 Nf2+ 45. Kh4 Qa4+ 46.
g4 Qf4 47. h3 Qh2 48. Rg3 e5 49. Qe8+ Kh7 50. Qxe5 Nd3 51. Qe4+ Kg8 52. Qxd3
Qb2 53. Rg1 Qf6+ 54. Kg3 Qe5+ 55. Kf2 Qh2+ 56. Rg2 Qc7 57. Qb3+ Kh8 58. h4 Qe7
59. Kg3 Qd6+ 60. Kf2 Qc5+ 61. Kg3 Qd6+ 62. f4 Qf6 63. g5 hxg5 64. hxg5 Qf5 65.
Rh2+ Qh7 66. Qb8# 1-0

[Event "DVM U10 2013"]
[Site "Magdeburg GER"]
[Date "2013.12.28"]
[Round "5"]
[White "Lutz, Adam"]
[Black "Schönweiler, Elisabeth"]
[Result "0-1"]
[Termination "normal"]
[Board "2.3"]
[WhiteElo "1089"]
[BlackElo "966"]
[WhiteTeam "USV TU Dresden"]
[BlackTeam "Lübecker SV"]
[WhiteFideId "16226615"]
[BlackFideId "12997005"]
[EventCountry "GER"]
[EventRounds "6"]
[EventType "team-swiss"]
[EventDate "2013.12.27"]

1. e4 e5 2. Nf3 Nc6 3. Bc4 Bc5 4. c3 Nf6 5. d4 exd4 6. cxd4 Bb4+ 7. Bd2 Bxd2+
8. Nbxd2 d6 9. h3 O-O 10. O-O Ne7 11. Qe2 Ng6 12. Rfe1 Re8 13. Rad1 d5 14. Bd3
Re7 15. e5 Qe8 16. Qf1 Nd7 17. Rc1 c6 18. Re2 Nb6 19. Nb3 Nf4 20. Ree1 Nxd3 21.
Qxd3 h6 22. Nbd2 Bd7 23. b3 Rc8 24. Qc3 Bf5 25. Nh4 Bh7 26. Qe3 Nd7 27. Nhf3 b6
28. Rc3 c5 29. Kh1 cxd4 30. Qxd4 Rxc3 31. Qxc3 Bg6 32. Kg1 Nc5 33. Qd4 Qd7 34.
Kh1 Nd3 35. Re2 f6 36. Kg1 fxe5 37. Nxe5 Nxe5 38. Rxe5 Rxe5 39. Qxe5 Qf7 40.
Nf3 a6 41. Qb8+ Qf8 42. Qxb6 Be4 43. Qe3 Bxf3 44. Qxf3 Qxf3 45. gxf3 Kf7 46.
Kf1 Ke6 47. a4 Ke5 48. b4 Kd4 49. b5 axb5 50. axb5 Kc5 51. Ke2 Kxb5 52. Kd2 Kc4
53. f4 Kd4 54. f3 g6 55. h4 h5 56. f5 gxf5 57. f4 Ke4 58. Ke2 Kxf4 59. Kf2 d4
60. Ke1 Kg3 61. Kf1 d3 62. Ke1 f4 63. Kd2 f3 64. Kxd3 f2 65. Ke2 Kg2 66. Ke3
f1=Q 67. Kd4 Qf5 68. Kc4 Kf3 69. Kc3 Qe4 70. Kb3 Qc6 71. Kb4 Ke4 72. Kb3 Qc5
73. Ka4 Qb6 74. Ka3 Kd4 75. Ka2 Kc3 0-1

[Event "DVM U10 2013"]
[Site "Magdeburg GER"]
[Date "2013.12.28"]
[Round "5"]
[White "Rietschel, Tilo"]
[Black "Wehner, Tobias"]
[Result "1-0"]
[Termination "normal"]
[Board "2.4"]
[WhiteElo "1127"]
[BlackElo "992"]
[WhiteTeam "Lübecker SV"]
[BlackTeam "USV TU Dresden"]
[WhiteFideId "16208390"]
[BlackFideId "16224000"]
[EventCountry "GER"]
[EventRounds "6"]
[EventType "team-swiss"]
[EventDate "2013.12.27"]

1. e4 e5 2. Nf3 Nc6 3. Nc3 Nf6 4. d3 h6 5. Be3 Be7 6. g3 O-O 7. Bg2 d6 8. O-O
Be6 9. Qe2 d5 10. exd5 Nxd5 11. Bd2 Nb6 12. Nxe5 Nd4 13. Qd1 Bf6 14. Nf3 Nxf3+
15. Qxf3 c6 16. Rad1 Bxc3 17. Bxc3 Bxa2 18. b3 Nd5 19. Bb2 g6 20. Ra1 Nb4 21.
Bf6 Qd6 22. Bc3 Bxb3 23. cxb3 Nd5 24. Bb2 f6 25. Ba3 Nb4 26. Qe4 a5 27. Qxg6+
Kh8 28. Be4 Qe7 29. Qxh6+ Kg8 30. Rfe1 Qf7 31. Bf5 Rae8 32. Bxb4 axb4 33. Rxe8
Rxe8 34. Bg6 Qe7 35. Bxe8 Qxe8 36. Qxf6 Qc8 37. Qg6+ Kf8 38. Qf6+ Kg8 39. Kg2
b5 40. Qf4 c5 41. Rc1 Kh8 42. Qxb4 Qa8+ 43. Qe4 Qf8 44. Ra1 Kg7 45. Ra7+ Kh6
46. Qe6+ Kg5 47. f4+ Kh5 48. Rh7+ Qh6 49. Rxh6# 1-0

[Event "DVM U10 2013"]
[Site "Magdeburg GER"]
[Date "2013.12.28"]
[Round "5"]
[White "Nguyen, Alex Dac-Vuong"]
[Black "Hoffmann, Simon"]
[Result "1-0"]
[Termination "normal"]
[Board "3.1"]
[WhiteElo "1309"]
[BlackElo "1193"]
[WhiteTeam "BSG Grün-Weiß Leipzig 1"]
[BlackTeam "USC Magdeburg"]
[WhiteFideId "12984388"]
[BlackFideId "12979686"]
[EventCountry "GER"]
[EventRounds "6"]
[EventType "team-swiss"]
[EventDate "2013.12.27"]

1. e4 e5 2. Nf3 Nc6 3. d4 exd4 4. Bc4 h6 5. c3 dxc3 6. Nxc3 Bc5 7. Bxf7+ Kxf7
8. Qd5+ Ke8 9. Qh5+ Kf8 10. Qxc5+ d6 11. Qc4 Nf6 12. O-O Qe7 13. Re1 Be6 14.
Qb5 Rb8 15. Bf4 Qd7 16. Rad1 Qf7 17. b3 a6 18. Qe2 g5 19. Bc1 Qg6 20. Nd5 Bxd5
21. exd5 Re8 22. Qc4 Ne7 23. Qxc7 Nfxd5 24. Qxb7 g4 25. Nd4 h5 26. Bb2 Rh7 27.
Qxa6 h4 28. Re6 Qg5 29. Rxd6 Qh5 30. Nc6 g3 31. f3 gxh2+ 32. Kh1 h3 33. g4 Qh4
34. Ne5 Qg3 35. Nd7+ Kg8 36. Rg6+ Nxg6 37. Qxg6+ Rg7 38. Qxg7# 1-0

[Event "DVM U10 2013"]
[Site "Magdeburg GER"]
[Date "2013.12.28"]
[Round "5"]
[White "Schmidt, Friedrich"]
[Black "Haufe, Laurin"]
[Result "0-1"]
[Termination "normal"]
[Board "3.2"]
[WhiteElo "1073"]
[BlackElo "1254"]
[WhiteTeam "USC Magdeburg"]
[BlackTeam "BSG Grün-Weiß Leipzig 1"]
[BlackFideId "12976504"]
[EventCountry "GER"]
[EventRounds "6"]
[EventType "team-swiss"]
[EventDate "2013.12.27"]

1. e4 d5 2. exd5 Qxd5 3. Nc3 Qa5 4. Nf3 Bg4 5. Bc4 Nc6 6. d3 e5 7. Qe2 Nf6 8.
Be3 Bb4 9. O-O Bxc3 10. bxc3 Qxc3 11. Bd2 Bxf3 12. gxf3 Qxc2 13. Qe3 Qa4 14.
Rab1 Qa3 15. Rxb7 Qd6 16. Bb4 Nxb4 17. Rb1 c5 18. a3 Nc2 19. Bb5+ Kf8 20. Ba4
Nxe3 21. fxe3 Ne8 22. Bxe8 Rxe8 23. Rc1 Qxd3 24. Rxc5 Qxe3+ 25. Kg2 Qxc5 26.
Rb2 {Rest nicht nachvollziehbar} 0-1

[Event "DVM U10 2013"]
[Site "Magdeburg GER"]
[Date "2013.12.28"]
[Round "5"]
[White "Hinze, Aaron"]
[Black "Schmidt, Richard"]
[Result "1-0"]
[Termination "normal"]
[Board "3.3"]
[WhiteElo "1129"]
[BlackElo "985"]
[WhiteTeam "BSG Grün-Weiß Leipzig 1"]
[BlackTeam "USC Magdeburg"]
[WhiteFideId "12990183"]
[EventCountry "GER"]
[EventRounds "6"]
[EventType "team-swiss"]
[EventDate "2013.12.27"]

1. e4 c5 2. Nf3 Nc6 3. Bc4 e6 4. d4 Nf6 5. Bg5 g6 6. e5 Bg7 7. exf6 Bxf6 8.
Bxf6 Qxf6 9. c3 d5 10. Bb5 Bd7 11. Ne5 Bc8 12. Nxc6 bxc6 13. Bxc6+ Kf8 14. Bxa8
Ba6 15. Qf3 Qe7 16. Bc6 Kg7 17. Nd2 Rf8 18. Qe3 Qd6 19. Qe5+ Qxe5+ 20. dxe5 Rc8
21. Ba4 Rb8 22. Rb1 d4 23. cxd4 cxd4 24. Rc1 Rxb2 25. Rc2 Rxc2 26. Bxc2 d3 27.
Bb3 Bb5 28. O-O a5 29. Bc4 Bc6 30. Bxd3 a4 31. g4 Bd5 32. Bb5 Bxa2 33. Bxa4 Bd5
34. h4 {Rest nicht nachvollziehbar} 1-0

[Event "DVM U10 2013"]
[Site "Magdeburg GER"]
[Date "2013.12.28"]
[Round "5"]
[White "Khanbekyan, Areg"]
[Black "Stephan, Maxime"]
[Result "0-1"]
[Termination "normal"]
[Board "3.4"]
[WhiteElo "600"]
[BlackElo "1138"]
[WhiteTeam "USC Magdeburg"]
[BlackTeam "BSG Grün-Weiß Leipzig 1"]
[WhiteFideId "12993727"]
[EventCountry "GER"]
[EventRounds "6"]
[EventType "team-swiss"]
[EventDate "2013.12.27"]

1. e4 e5 2. Nf3 Nc6 3. Bc4 Bc5 4. d3 d6 5. Bg5 Nf6 6. Nc3 Bg4 7. Nd5 Bxf3 8.
Qxf3 Nd4 9. Qd1 c6 10. Nc3 h6 11. Be3 O-O 12. O-O b5 13. Bb3 a5 14. a4 b4 15.
Ne2 Qb6 16. Qd2 Ng4 17. h3 Nxe3 18. fxe3 Nxb3 19. cxb3 Bxe3+ 20. Qxe3 Qxe3+ 21.
Rf2 Qxd3 22. Raf1 Qxb3 23. Nc1 Qxa4 24. b3 Qb5 25. Ne2 c5 26. Ng3 g6 27. Rf3 a4
28. bxa4 Rxa4 29. Nf5 Qd7 30. Nxh6+ Kg7 31. Ng4 f5 32. Ne3 f4 33. Ng4 g5 34. g3
Ra3 35. Rxa3 bxa3 36. Ra1 Qa7 37. gxf4 Rxf4 38. Nf2 c4 39. Kf1 Qxf2# 0-1

[Event "DVM U10 2013"]
[Site "Magdeburg GER"]
[Date "2013.12.28"]
[Round "5"]
[White "Stimatz, Ravi"]
[Black "Kopylov, Daniel"]
[Result "0-1"]
[Termination "normal"]
[Board "4.1"]
[WhiteElo "1067"]
[BlackElo "1706"]
[WhiteTeam "SK Bremen-West"]
[BlackTeam "TuRa Harksheide 1"]
[WhiteFideId "12965251"]
[BlackFideId "12921971"]
[EventCountry "GER"]
[EventRounds "6"]
[EventType "team-swiss"]
[EventDate "2013.12.27"]

1. e4 c5 2. Nf3 d6 3. d4 cxd4 4. Nxd4 Nf6 5. Nc3 Nc6 6. Bb5 Bd7 7. Nxc6 bxc6 8.
Bc4 g6 9. Be3 Bg7 10. O-O O-O 11. Re1 Ng4 12. Bf4 Ne5 13. Be2 Rb8 14. Rb1 Qa5
15. Bd2 Qc7 16. f4 Qb6+ 17. Kh1 Qf2 18. Rf1 Qh4 19. Be1 Qh6 20. Bg3 Be6 21.
fxe5 dxe5 22. Bd3 Rbd8 23. Bf2 Qg5 24. Bxa7 f5 25. Qe2 f4 26. Bc5 Bf6 27. Bc4
Bxc4 28. Qxc4+ Kg7 29. Rf2 Qh4 30. Rbf1 g5 31. Qe6 g4 32. h3 h5 33. Qxc6 gxh3
34. gxh3 Qxh3+ 35. Kg1 Kh7 36. Rh2 Rg8+ 37. Kf2 Qxh2+ 38. Kf3 Rg3# 0-1

[Event "DVM U10 2013"]
[Site "Magdeburg GER"]
[Date "2013.12.28"]
[Round "5"]
[White "Höfs, Cederik"]
[Black "Guse, Jannis"]
[Result "1-0"]
[Termination "normal"]
[Board "4.2"]
[WhiteElo "1010"]
[BlackElo "972"]
[WhiteTeam "TuRa Harksheide 1"]
[BlackTeam "SK Bremen-West"]
[WhiteFideId "16207653"]
[EventCountry "GER"]
[EventRounds "6"]
[EventType "team-swiss"]
[EventDate "2013.12.27"]

1. e4 c6 2. d4 d5 3. e5 Bf5 4. Bd3 Bg6 5. Bxg6 hxg6 6. Nf3 e6 7. Nc3 f6 8. Bf4
Nd7 9. O-O g5 10. Be3 g4 11. Nd2 f5 12. f3 gxf3 13. Nxf3 Be7 14. Ne2 g5 15. Qd2
g4 16. Ng5 Nf8 17. Rf2 Bxg5 18. Bxg5 Ne7 19. Bf6 Rg8 20. Qb4 Qc7 21. Raf1 Nh7
22. Bh4 Ng6 23. Bg3 O-O-O 24. Nf4 Nxf4 25. Rxf4 Ng5 26. Bh4 Rde8 27. c4 Ne4 28.
cxd5 cxd5 29. Qa3 Qb6 30. Rc1+ Kb8 31. Rd1 Rc8 32. Be7 Ka8 33. Rff1 Rc7 34. Rc1
Rgc8 35. Qe3 Qxb2 36. Ba3 Qd2 37. Qxd2 Nxd2 38. Rfd1 Ne4 39. Rxc7 Rxc7 40. Bd6
Nxd6 41. exd6 Rd7 42. Rc1 a6 43. Kf2 Rxd6 44. Ke3 Ka7 45. Kf4 b5 46. Ke5 Rb6
47. Rc7+ Kb8 48. Re7 a5 49. Rxe6 Rxe6+ 50. Kxe6 a4 51. Kxd5 Kc7 52. Kc5 b4 53.
Kxb4 Kb6 54. Kc3 Kb5 55. a3 f4 56. Kd3 f3 57. gxf3 gxf3 58. Ke3 Kc4 59. h4 Kb3
60. h5 Kxa3 61. h6 Kb2 62. h7 a3 63. h8=Q a2 64. Qa8 Kc2 65. Qxa2+ Kc1 66. Kd3
Kd1 67. Qd2# 1-0

[Event "DVM U10 2013"]
[Site "Magdeburg GER"]
[Date "2013.12.28"]
[Round "5"]
[White "Grone, Marvin"]
[Black "Rößl, Adam"]
[Result "1-0"]
[Termination "normal"]
[Board "4.3"]
[WhiteElo "1003"]
[BlackElo "944"]
[WhiteTeam "SK Bremen-West"]
[BlackTeam "TuRa Harksheide 1"]
[BlackFideId "16246047"]
[EventCountry "GER"]
[EventRounds "6"]
[EventType "team-swiss"]
[EventDate "2013.12.27"]

1. e4 e5 2. Nf3 Nc6 3. Bb5 a6 4. Ba4 Nf6 5. Nc3 Be7 6. O-O O-O 7. d3 b5 8. Bb3
d6 9. h3 Be6 10. Be3 Bxb3 11. axb3 d5 12. exd5 Nxd5 13. Nxd5 Qxd5 14. c4 Qe6
15. Qc2 b4 16. Rfe1 Qg6 17. Rac1 Rfd8 18. Red1 Rd6 19. Bc5 Rf6 20. Nxe5 Nxe5
21. Bxe7 Rb6 22. d4 Nf3+ 23. Kh1 Ng5 24. Qxg6 Rxg6 25. Bxb4 Ne4 26. Rf1 Rb8 27.
Ba5 c6 28. b4 Rd6 29. Bc7 Rxb4 30. Bxd6 Nxd6 31. Rc2 Nxc4 32. Re1 f6 33. Rec1
Nxb2 34. Rxc6 a5 35. Ra6 a4 36. d5 Rd4 37. d6 Rd3 38. Rc7 h6 39. d7 a3 40. Rc8+
Kh7 41. d8=Q Rxd8 42. Rxd8 Kg6 43. Rda8 Nd3 44. Kg1 Kh5 45. Rxa3 Ne5 {Rest
nicht nachvollziehbar} 1-0

[Event "DVM U10 2013"]
[Site "Magdeburg GER"]
[Date "2013.12.28"]
[Round "5"]
[White "Peters, Malte"]
[Black "Müller, Nikica"]
[Result "0-1"]
[Termination "normal"]
[Board "4.4"]
[WhiteElo "903"]
[BlackElo "871"]
[WhiteTeam "TuRa Harksheide 1"]
[BlackTeam "SK Bremen-West"]
[WhiteFideId "16208978"]
[BlackFideId "16235819"]
[EventCountry "GER"]
[EventRounds "6"]
[EventType "team-swiss"]
[EventDate "2013.12.27"]

1. e4 e5 2. Nf3 Nc6 3. Bb5 d6 4. d3 Bd7 5. Nc3 Nf6 6. Bg5 Be7 7. O-O O-O 8. Nd5
Nxd5 9. exd5 Nd4 10. Bxe7 Qxe7 11. Nxd4 exd4 12. Bxd7 Qxd7 13. Re1 Rfe8 14. Qd2
Rxe1+ 15. Rxe1 c5 16. dxc6 Qxc6 17. Qe2 a6 18. a4 a5 19. b3 b6 20. g3 h6 21.
Qe4 Qxe4 22. Rxe4 Rc8 23. Re2 Kh7 24. Kf1 Rb8 25. Ke1 b5 26. axb5 Rxb5 27. Re7
f6 28. Rd7 Rd5 29. Kd2 Kg6 30. c4 dxc3+ 31. Kxc3 Rc5+ 32. Kd4 Rc2 33. Rxd6 Rxf2
34. Rd5 Rxh2 35. Rxa5 Rh3 36. g4 Rh4 37. Kc3 Rxg4 38. b4 Rg1 39. Rb5 f5 40. Rc5
f4 41. b5 f3 42. Rc4 f2 43. Rf4 f1=Q 44. Rxf1 Rxf1 45. Kc4 h5 46. b6 h4 47. Kc5
h3 48. b7 Rb1 49. Kc6 Rxb7 50. Kxb7 h2 51. Kc6 h1=Q+ 52. Kc5 Kf5 53. Kd4 Kf4
54. Kc4 Ke5 55. d4+ Kd6 56. Kd3 Kd5 57. Ke3 Qe4+ 58. Kd2 Kxd4 59. Kc1 Kc3 60.
Kd1 Qg2 61. Ke1 Kd3 62. Kd1 Qd2# 0-1

[Event "DVM U10 2013"]
[Site "Magdeburg GER"]
[Date "2013.12.28"]
[Round "5"]
[White "Garbuz, Nicole"]
[Black "Adelmeyer, Matti"]
[Result "0-1"]
[Termination "normal"]
[Board "5.1"]
[WhiteElo "1267"]
[BlackElo "1178"]
[WhiteTeam "SF Dortmund-Brackel 1930"]
[BlackTeam "SG Döllnitz"]
[WhiteFideId "12990701"]
[BlackFideId "12962520"]
[EventCountry "GER"]
[EventRounds "6"]
[EventType "team-swiss"]
[EventDate "2013.12.27"]

1. e4 e5 2. Nf3 Nc6 3. Bc4 Bc5 4. c3 Nf6 5. d4 exd4 6. cxd4 Bb4+ 7. Bd2 Bxd2+
8. Nbxd2 d5 9. exd5 Nxd5 10. O-O O-O 11. Qb3 Nb6 12. Rfe1 Bg4 13. Qd3 Na5 14.
Bb3 Nxb3 15. Qxb3 Be6 16. Qd3 c5 17. b3 cxd4 18. Qxd4 Qxd4 19. Nxd4 Rad8 20.
N2f3 Bd5 21. Rac1 Bxf3 22. Nxf3 Nd5 23. Rc4 b5 24. Rc5 a6 25. Rd1 Nc3 26. Re1
Nxa2 27. Rce5 Nb4 28. R5e2 Nd3 29. Ra1 Rd6 30. Rd1 Rd7 31. Red2 Rfd8 32. Re2 g6
33. h3 Nf4 34. Re8+ Rxe8 35. Rxd7 b4 36. Rb7 Nd3 37. Rb6 Ra8 38. Nd4 a5 39. Rb5
a4 40. bxa4 Rxa4 41. Rb8+ Kg7 42. f3 Nc5 43. g4 Ra1+ 44. Kh2 Rb1 45. g5 b3 46.
Nxb3 Rxb3 47. Rxb3 Nxb3 48. Kg3 Nd4 49. f4 f6 50. h4 f5 51. Kg2 h6 52. gxh6+
Kxh6 53. Kg3 Kh5 54. Kh3 Ne2 0-1

[Event "DVM U10 2013"]
[Site "Magdeburg GER"]
[Date "2013.12.28"]
[Round "5"]
[White "Pietsch, Julius"]
[Black "Farhoudah, Majd"]
[Result "0-1"]
[Termination "normal"]
[Board "5.4"]
[WhiteElo "784"]
[BlackElo "1012"]
[WhiteTeam "SG Döllnitz"]
[BlackTeam "SF Dortmund-Brackel 1930"]
[WhiteFideId "12985660"]
[EventCountry "GER"]
[EventRounds "6"]
[EventType "team-swiss"]
[EventDate "2013.12.27"]

1. e4 e5 2. Nf3 Nc6 3. Be2 Nf6 4. Nc3 Bc5 5. O-O O-O 6. d3 d6 7. Nd5 Nxd5 8.
exd5 Nb4 9. d4 exd4 10. Nxd4 Nxd5 11. Nb3 Nf6 12. Nxc5 dxc5 13. Qxd8 Rxd8 14.
Bg5 Rd6 15. Bxf6 Rxf6 16. Rad1 Bf5 17. Rd5 b6 18. Rfd1 g6 19. Bf3 Re8 20. h3
Bxc2 21. Rc1 Bf5 22. a3 Bxh3 23. gxh3 Rxf3 24. Kg2 Rf5 25. Rd7 Rc8 26. b4 cxb4
27. axb4 a5 28. bxa5 bxa5 29. Rc4 Rb5 30. Rdd4 c5 31. Re4 Rb4 32. Rxb4 axb4 33.
Kf1 Rd8 34. Rc4 Rd4 35. Rxc5 b3 36. Rb5 Rd3 37. Ke2 Rxh3 38. f3 Rh2+ 39. Kd3
Rb2 40. Kc3 Rf2 41. Rxb3 Rxf3+ 42. Kc4 Rxb3 43. Kxb3 h5 44. Kc3 h4 45. Kd2 h3
46. Ke3 h2 47. Kf4 h1=Q 48. Ke5 Qf3 49. Kd4 Qe2 50. Kc5 Qd3 51. Kc6 Qd4 52. Kc7
Qd5 53. Kc8 Qd6 54. Kb7 Qc5 55. Ka6 Qb4 56. Ka7 Qb5 57. Ka8 Kf8 58. Ka7 Ke8 59.
Ka8 Kd7 60. Ka7 Kc7 61. Ka8 Qb7# 0-1

[Event "DVM U10 2013"]
[Site "Magdeburg GER"]
[Date "2013.12.28"]
[Round "5"]
[White "Heckmann, Till"]
[Black "Grabbel, Lennart"]
[Result "1/2-1/2"]
[Termination "normal"]
[Board "6.1"]
[WhiteElo "1463"]
[BlackElo "1221"]
[WhiteTeam "SV Empor Berlin"]
[BlackTeam "Hamburger SK"]
[WhiteFideId "12987093"]
[BlackFideId "16201620"]
[EventCountry "GER"]
[EventRounds "6"]
[EventType "team-swiss"]
[EventDate "2013.12.27"]

1. e4 e5 2. Nf3 Nc6 3. Bb5 a6 4. Ba4 b5 5. Bb3 Nf6 6. O-O Be7 7. Re1 d6 8. h3
Bb7 9. c3 O-O 10. Bc2 Na5 11. d4 Nd7 12. Nbd2 c5 13. d5 Bc8 14. Nf1 Re8 15. Ng3
Bf8 16. Nf5 Nb6 17. Ng3 g6 18. b3 Bg7 19. Be3 Nb7 20. Qd2 Bd7 21. Bh6 Bh8 22.
Rf1 Qe7 23. Nh2 Nd8 24. Rae1 Bc8 25. Be3 Nd7 26. h4 Nf6 27. Bg5 h5 28. f4 Qc7
29. fxe5 Nh7 30. Bf6 dxe5 31. Bxh8 Kxh8 32. Qh6 Kg8 33. Nf3 Ra7 34. Ng5 Nxg5
35. Qxg5 Qe7 36. Qxe7 Raxe7 37. Rd1 Rd7 38. Rf2 Rd6 39. c4 b4 40. Ra1 Kg7 41.
a3 bxa3 42. Rxa3 Rb6 43. Ne2 Nb7 44. Nc3 Bd7 45. Ra1 Rc8 46. Raf1 Nd6 47. Kh2
Kg8 48. Ra1 Kg7 49. Na4 Bxa4 50. Rxa4 Kg8 51. Rf1 Kg7 52. Rfa1 Ra8 53. Ra5 Nb7
54. R5a2 Nd6 55. Rg1 Kf8 56. g4 hxg4 57. Rxg4 Ke7 58. Rg5 Kd7 59. Rxe5 Ne8 60.
Rg5 Rf6 61. Rg2 Rf4 62. Kg3 Rf6 63. Rf2 Rxf2 64. Kxf2 Nf6 65. Kf3 Ke7 66. e5
Nd7 67. Kf4 a5 68. Be4 Ra7 69. d6+ Ke8 70. Bc6 Kd8 71. Bxd7 Kxd7 72. Ke4 Ke6
73. Rf2 a4 74. bxa4 Rxa4 75. Kd3 Ra3+ 76. Ke4 Ra4 77. Rc2 Ra1 78. Kf4 Rf1+ 79.
Kg5 Rf5+ 80. Kh6 1/2-1/2